Theology of mutuality : (Record no. 7152)
[ view plain ]
| 000 -LEADER | |
|---|---|
| fixed length control field | 01514nam a22003135i 4500 |
| 001 - CONTROL NUMBER | |
| control field | 18145796 |
| 003 - CONTROL NUMBER IDENTIFIER | |
| control field | GBCCL |
| 005 - DATE AND TIME OF LATEST TRANSACTION | |
| control field | 20241126110621.0 |
| 008 - FIXED-LENGTH DATA ELEMENTS--GENERAL INFORMATION | |
| fixed length control field | 140509s2014 nyu 000 0 eng |
| 010 ## - | |
| -- | 2014940482 |
| 020 ## - INTERNATIONAL STANDARD BOOK NUMBER | |
| International Standard Book Number | 9781940182087 |
| 040 ## - CATALOGING SOURCE | |
| Original cataloging agency | DLC |
| Language of cataloging | eng |
| Description conventions | rda |
| Transcribing agency | DLC |
| 042 ## - | |
| -- | pcc |
| 082 ## - DEWEY DECIMAL CLASSIFICATION NUMBER | |
| Classification number | 266 |
| Item number | DHA |
| 100 1# - MAIN ENTRY--PERSONAL NAME | |
| Personal name | Dharmaraj, Glory E. |
| 9 (RLIN) | 12653 |
| 245 10 - TITLE STATEMENT | |
| Title | Theology of mutuality : |
| Remainder of title | a paradigm for mission in the Twenty-First Century / |
| Statement of responsibility, etc. | Glory E. Dharmaraj, Jacob S. Dharmaraj. |
| 263 ## - PROJECTED PUBLICATION DATE | |
| Projected publication date | 1408 |
| 264 #1 - PRODUCTION, PUBLICATION, DISTRIBUTION, MANUFACTURE, AND COPYRIGHT NOTICE | |
| Place of production, publication, distribution, manufacture | New York, NY : |
| Name of producer, publisher, distributor, manufacturer | United Methodist Women, |
| Date of production, publication, distribution, manufacture, or copyright notice | 2014. |
| 300 ## - PHYSICAL DESCRIPTION | |
| Extent | 174 pages ; |
| Dimensions | 23cm. |
| 336 ## - CONTENT TYPE | |
| Content type term | text |
| Source | rdacontent |
| 337 ## - MEDIA TYPE | |
| Media type term | unmediated |
| Source | rdamedia |
| 338 ## - CARRIER TYPE | |
| Carrier type term | volume |
| Source | rdacarrier |
| 505 ## - FORMATTED CONTENTS NOTE | |
| Formatted contents note | In 'A Theology of Mutuality: A Paradigm for Mission in the Twenty-first Century', Glory and Jacob Dharmaraj narrate what mutuality should be in the forefront of mission engagement during these changing times and shifting landscapes. Offering biblical and theological insights into mutuality in mission, they respond to the why of mutuality. The book is an invitation to commitment to mutuality, fostering of shared gifts, and integrating mission from the margins. This book is an excellent resource for everyone who is interested in mission engagement in this century. (Back cover). |
| 650 ## - SUBJECT ADDED ENTRY--TOPICAL TERM | |
| Topical term or geographic name entry element | Missions -- Theory. |
| 9 (RLIN) | 10 |
| 650 ## - SUBJECT ADDED ENTRY--TOPICAL TERM | |
| Topical term or geographic name entry element | Mission of the church. |
| 9 (RLIN) | 50 |
| 906 ## - LOCAL DATA ELEMENT F, LDF (RLIN) | |
| a | 0 |
| b | ibc |
| c | orignew |
| d | 2 |
| e | epcn |
| f | 20 |
| g | y-gencatlg |
| 942 ## - ADDED ENTRY ELEMENTS (KOHA) | |
| Source of classification or shelving scheme | Dewey Decimal Classification |
| Koha item type | Books |
| Koha issues (borrowed), all copies | 5 |
| Withdrawn status | Lost status | Source of classification or shelving scheme | Damaged status | Not for loan | Home library | Current Library | Shelving location | Date acquired | Total checkouts | Full call number | Barcode | Date last seen | Date last checked out | Copy number | Price effective from | Koha item type |
|---|---|---|---|---|---|---|---|---|---|---|---|---|---|---|---|---|
| Dewey Decimal Classification | GRACE BIBLE COLLEGE | GRACE BIBLE COLLEGE | Ministry & Mission | 2018-07-13 | 5 | 266 DHA | 014660 | 2025-05-01 | 2024-11-14 | c.1 | 2018-07-13 | Books |